El Corán leído por las mujeres (Registro nro. 61224)
[ vista simple ]
| 000 -LÍDER | |
|---|---|
| Campo fijo de descripción fija | 01803aab a2200205 i 4500 |
| 001 - NÚMERO DE CONTROL | |
| Campo de control | 768714001 |
| 003 - IDENTIFICADOR DEL NÚMERO DE CONTROL | |
| Campo de control | CO-MdFUSB |
| 005 - FECHA Y HORA DE LA ULTIMA TRANSACCIÓN | |
| control field | 20221020161231.0 |
| 008 - ELEMENTOS DE LONGITUD FIJA -- INFORMACIÓN GENERAL | |
| Campo fijo de descripción fija -- Información general | 221020s2005 sp ||||| |||| 00| 0 spa d |
| 040 ## - FUENTE DE CATALOGACIÓN | |
| Idioma de catalogación | spa |
| Agencia que realiza la transcripción | CO-MdFUSB |
| Agencia que realiza la modificación | CO-MdFUSB |
| 041 ## - CÓDIGO DE IDIOMA | |
| Código de idioma para texto/pista de sonido o título separado | spa |
| 100 1# - ASIENTO PRINCIPAL--NOMBRE PERSONAL | |
| Nombre personal | Van Doorn-Harder, Nelly |
| Término relacionador | autor |
| 245 13 - TÍTULO | |
| Título | El Corán leído por las mujeres |
| Mención de responsabilidad | / Nelly Van Doorn Harder |
| 300 ## - DESCRIPCIÓN FÍSICA | |
| Extensión | Número 313 (Noviembre, 2005), Páginas 55-66 |
| Dimensiones | ; 21 cm |
| 520 ## - NOTA DE RESUMEN, ETC. | |
| Nota de sumario, etc. | Durante la última semana de octubre de 2005 se celebró en Barcelona un congreso internacional sobre feminismo islámico'. En él se pusieron de relieve algunos aspectos notables que muestran cómo se va abriendo paso el papel que las mujeres musulmanas desempeñan en las ciencias coránicas. En el congreso intervinieron estudiosas y activistas musulmanas procedentes de varios países que luchan por mejorar la posición de las mujeres en el islam basándose en las enseñanzas del Corán. El Corán es para ellas la palabra directa de Dios que garantiza los derechos de la mujer y les asegura que no se les quite valor alguno en los siglos posteriores a la muerte del profeta Mahoma. Al tiempo que los varones corrompieron los textos, que originalmente trataban a todos, hombres y mujeres, por igual, se añadieron las influencias de las culturas locales a los puntos de vista misóginos que se fueron desarrollando con el tiempo. Para estas estudiosas y activistas, los supuestos teológicos han originado una desigualdad de género que sólo puede corregirse mediante una relectura del Corán realizada desde el punto de vista de las mujeres. |
| 650 #7 - ASIENTO SECUNDARIO DE MATERIA - TERMINO TEMÁTICO | |
| 9 (RLIN) | 451 |
| Término temático o nombre geográfico como elemento de entrada | Feminismo |
| Subdivisión general | Aspectos religiosos |
| 653 ## - TÉRMINO DE INDIZACIÓN - NO CONTROLADO | |
| Término no controlado | Corán |
| 773 0# - ASIENTO DE ITEM FUENTE | |
| Título | Concilium |
| Biblionumber | 49450 |
| Itemnumber | 60406 |
| Parte(s) relacionada(s) / Volumen., número. (mes año), páginas | Número 313 (Noviembre, 2005), Páginas 55-66 |
| Enumeración y primera página | Páginas 55-66 |
| 942 ## - TIPO DE MATERIAL (KOHA) | |
| Tipo de Item KOHA | Artículos de Revista |
No hay ítems disponibles.
